000 00588nam a2200217Ia 4500
001 7531
003 GE_BSU
008 181216s||||||||xx |||||||||||||| ||und||
040 _cGE_BSU
080 _a621.8
100 _aИванов,М.Н.
245 _aДетали машин.
245 _bУчебник.
245 _cРед. А.П.Мартинов и И.И.Фадеев.
260 _aМ.
260 _bВысшая школа.
260 _c1964.
300 _a446стр.с илл.21см.библиогр.:стр.437-438.
653 _aДетали машин.
942 _cBK
999 _c40887
_d40887